Star Wars Characters- Sudden Death - Statistics

General Stats
  • This quiz has been taken 198 times
  • The average score is 19 of 26
Answers on the Grid
Answers color-coded by a green-red scale on the quiz's grid according to % correct below.
Nien Nunb
Maz Kanata
Lando Calrissian
Barriss Offee
Kit Fisto
Shaak Ti
Aayla Secura
Plo Koon
Tarfful
Yaddle
Ki-Adi-Mundi
Bib Fortuna
Luminara Unduli
Watto
Wedge Antilles
Poe Dameron
Greedo
Asajj Ventress
Owen Lars
Sebulba
Gial Ackbar
Unkar Plutt
Cad Bane
Mace Windu
Bail Organa
Dexter Jettster
Peeta Mellark
Yorick
Chell
Lech Walesa
Zsa Zsa Gabor
Malala Yousafzai
Hoda Kotb
Danai Gurira
Yo-Yo Ma
Nymphadora Tonks
Jumba Jookiba
Nyota Uhura
Hermes Conrad
Pippin Took
 
Answer Stats
Answer % Correct
Mace Windu
88%
Lando Calrissian
86%
Greedo
84%
Kit Fisto
82%
Owen Lars
82%
Poe Dameron
82%
Watto
82%
Ki-Adi-Mundi
80%
Plo Koon
79%
Bail Organa
78%
Sebulba
78%
Shaak Ti
78%
Asajj Ventress
77%
Aayla Secura
75%
Bib Fortuna
75%
Cad Bane
74%
Barriss Offee
73%
Wedge Antilles
73%
Maz Kanata
70%
Yaddle
70%
Luminara Unduli
67%
Nien Nunb
64%
Dexter Jettster
60%
Unkar Plutt
59%
Gial Ackbar
55%
Tarfful
47%
No matching quizzes found
Score Distribution
Percent of People with Each Score
Percentile by Number Answered
Your Score History
You have not taken this quiz